Geo-Mouse Mayhem! 🐭🔍🗺️ - Statistics

General Stats
  • This quiz has been taken 23 times
  • The average score is 7 of 10
Answers on the Map
Answers color-coded by a green-red scale on the quiz's map according to % correct below.
 
Answer Stats
Country % Correct
Afghanistan
100%
Algeria
100%
Argentina
100%
Austria
100%
Bahamas
100%
Belgium
100%
Belize
100%
Bolivia
100%
Bosnia and Herzegovina
100%
Brazil
100%
Brunei
100%
Central African Republic
100%
Chad
100%
China
100%
Costa Rica
100%
Croatia
100%
Cyprus
100%
Czech Republic
100%
Denmark
100%
Egypt
100%
Eritrea
100%
Estonia
100%
Ethiopia
100%
Gabon
100%
Gambia
100%
Georgia
100%
Germany
100%
Greece
100%
Guatemala
100%
Guyana
100%
Haiti
100%
India
100%
Indonesia
100%
Jamaica
100%
Japan
100%
Kenya
100%
Kiribati
100%
Kosovo
100%
Kyrgyzstan
100%
Libya
100%
Madagascar
100%
Malaysia
100%
Mali
100%
Mexico
100%
Mongolia
100%
Montenegro
100%
Mozambique
100%
New Zealand
100%
Nicaragua
100%
Niger
100%
North Korea
100%
North Macedonia
100%
Pakistan
100%
Palau
100%
Philippines
100%
Romania
100%
São Tomé and Príncipe
100%
Saudi Arabia
100%
Slovenia
100%
South Africa
100%
South Sudan
100%
Sri Lanka
100%
Switzerland
100%
Taiwan
100%
Thailand
100%
Tonga
100%
Turkey
100%
Turkmenistan
100%
Tuvalu
100%
United States
100%
Uzbekistan
100%
Vanuatu
100%
Yemen
100%
Zambia
100%
Iran
75%
Cambodia
67%
Mauritania
67%
Qatar
67%
Tanzania
67%
Albania
50%
Equatorial Guinea
50%
Honduras
50%
Jordan
50%
Panama
50%
Republic of the Congo
50%
Rwanda
50%
Democratic Republic of the Congo
33%
Burundi
25%
Trinidad and Tobago
25%
Angola
0%
Armenia
0%
Australia
0%
Azerbaijan
0%
Bangladesh
0%
Belarus
0%
Benin
0%
Bhutan
0%
Botswana
0%
Bulgaria
0%
Burkina Faso
0%
Cameroon
0%
Canada
0%
Cape Verde
0%
Chile
0%
Colombia
0%
Comoros
0%
Cuba
0%
Djibouti
0%
Dominican Republic
0%
East Timor
0%
Ecuador
0%
El Salvador
0%
Eswatini
0%
Federated States of Micronesia
0%
Fiji
0%
Finland
0%
France
0%
Ghana
0%
Guinea
0%
Guinea-Bissau
0%
Hungary
0%
Iceland
0%
Iraq
0%
Ireland
0%
Israel
0%
Italy
0%
Ivory Coast
0%
Kazakhstan
0%
Kuwait
0%
Laos
0%
Latvia
0%
Lebanon
0%
Lesotho
0%
Liberia
0%
Lithuania
0%
Luxembourg
0%
Malawi
0%
Maldives
0%
Malta
0%
Marshall Islands
0%
Mauritius
0%
Moldova
0%
Morocco
0%
Myanmar
0%
Namibia
0%
Nauru
0%
Nepal
0%
Netherlands
0%
Nigeria
0%
Norway
0%
Oman
0%
Papua New Guinea
0%
Paraguay
0%
Peru
0%
Poland
0%
Portugal
0%
Russia
0%
Samoa
0%
Senegal
0%
Serbia
0%
Seychelles
0%
Sierra Leone
0%
Slovakia
0%
Solomon Islands
0%
Somalia
0%
South Korea
0%
Spain
0%
Sudan
0%
Suriname
0%
Sweden
0%
Syria
0%
Tajikistan
0%
Togo
0%
Tunisia
0%
Uganda
0%
Ukraine
0%
United Arab Emirates
0%
United Kingdom
0%
Uruguay
0%
Venezuela
0%
Vietnam
0%
Zimbabwe
0%
No matching quizzes found
Score Distribution
Percent of People with Each Score
Percentile by Number Answered
Your Score History
You have not taken this quiz